[Event "Pereira Fiestas de la Cosecha op"]
[Site "Pereira"]
[Date "2023.08.25"]
[Round "3"]
[White "Longas, Edgar"]
[Black "Lareo, Flor Alicia"]
[Result "1-0"]
[WhiteElo "1678"]
[BlackElo "1354"]
[PlyCount "50"]
[EventDate "2023.08.24"]
[EventType "swiss"]
[EventRounds "7"]
[EventCountry "COL"]
[SourceTitle "EXT 2024"]
[Source "ChessBase"]
[SourceDate "2023.10.10"]
[SourceVersion "1"]
[SourceVersionDate "2023.10.10"]
[SourceQuality "1"]

1. d4 d5 2. Nf3 Nc6 3. g3 Bg4 4. Bg2 e6 5. 0-0 Qd7 6. c3 Nf6 7. b4 Be7 8. b5 Na5 9. Ne5 Qxb5 10. Nxg4 Nxg4 11. e4 Nf6 12. exd5 exd5 13. Re1 Ne4 14. Bxe4 dxe4 15. Rxe4 Qd7 16. Ba3 0-0-0 17. Rxe7 g6 18. Rxd7 Rxd7 19. Nd2 Re8 20. Nf3 Nc4 21. Qa4 Kb8 22. Qxc4 Re4 23. Rb1 Kc8 24. Ne5 Kb8 25. Nxd7+ Kc8 1-0

[Event "Rivera Huila Hernandez Memorial-B"]
[Site "Rivera Huila"]
[Date "2023.07.23"]
[Round "6"]
[White "Longas, Edgar"]
[Black "Melo Ramirez, Marlon Roman"]
[Result "1-0"]
[WhiteElo "1520"]
[BlackElo "1894"]
[PlyCount "77"]
[EventDate "2023.07.20"]
[EventType "swiss"]
[EventRounds "7"]
[EventCountry "COL"]
[SourceTitle "CBM 215 Extra"]
[Source "ChessBase"]
[SourceDate "2023.09.30"]
[SourceVersion "1"]
[SourceVersionDate "2023.09.30"]
[SourceQuality "1"]

1. c4 Nf6 2. Nf3 b6 3. g3 Bb7 4. Bg2 e6 5. 0-0 c5 6. e3 Be7 7. Nc3 0-0 8. d4 d6 9. d5 exd5 10. cxd5 Nbd7 11. e4 a6 12. Qc2 b5 13. Re1 Qc7 14. Nh4 Rfe8 15. f4 Ng4 16. Nf3 Bf6 17. h3 Bxc3 18. bxc3 Ngf6 19. c4 bxc4 20. Qxc4 Nb6 21. Qc2 a5 22. Bb2 Nfd7 23. Ng5 h6 24. Nf3 a4 25. a3 c4 26. Kh2 Nc5 27. Rad1 Rac8 28. Ba1 Nb3 29. Bc3 Re7 30. Nh4 f6 31. e5 fxe5 32. fxe5 Rd8 33. e6 Nc5 34. Qg6 Nd3 35. Nf5 Bxd5 36. Bxd5 Nxd5 37. Nxh6+ Kh8 38. Nf7+ Rxf7 39. exf7 1-0

[Event "Ibague Blitz op"]
[Site "Ibague"]
[Date "2022.10.08"]
[Round "4"]
[White "Longas, Edgar"]
[Black "Cifuentes Camacho, Miguel Angel"]
[Result "0-1"]
[WhiteElo "1841"]
[BlackElo "1573"]
[PlyCount "68"]
[EventDate "2022.10.08"]
[EventType "swiss (blitz)"]
[EventRounds "9"]
[EventCountry "COL"]
[SourceTitle "CBM 210 Extra"]
[Source "ChessBase"]
[SourceDate "2022.11.30"]
[SourceVersion "1"]
[SourceVersionDate "2022.11.30"]
[SourceQuality "1"]

1. d4 d5 2. Bf4 Nf6 3. e3 e6 4. Nf3 c5 5. c3 Bd6 6. Ne5 Qc7 7. Nd2 Nc6 8. Ndf3 Nh5 9. Bb5 Nxf4 10. exf4 Bd7 11. Nxd7 Qxd7 12. Ne5 Bxe5 13. fxe5 cxd4 14. cxd4 a6 15. Bxc6 Qxc6 16. 0-0 0-0 17. Rc1 Qb6 18. b3 Rac8 19. Qd3 Rc7 20. Rxc7 Qxc7 21. f4 Rc8 22. f5 Qc3 23. Qxc3 Rxc3 24. fxe6 fxe6 25. h3 Rc2 26. Rf2 Rc1+ 27. Rf1 Rc3 28. Kh2 Rd3 29. Rc1 Rxd4 30. Rc7 Re4 31. Rxb7 Re2 32. a4 Rxe5 33. Rb6 d4 34. Rxa6 d3 0-1